| 000 | 007130000a22002410004500 | ||
|---|---|---|---|
| 003 | LK-CoMWRAF | ||
| 005 | 20230830150523.0 | ||
| 008 | 230817t2000 ||||| |||| 00| 0 eng d | ||
| 020 | _a8186706550 | ||
| 040 |
_aLK-CoMWRAF _dLK-CoMWRAF _eLK-CoMWRAF |
||
| 041 | _aeng | ||
| 082 |
_a305.42 _bNUS |
||
| 100 | _aNussbaum, Martha C, | ||
| 245 |
_aWomen and Human Development: _bthe capabilities approach |
||
| 260 |
_aNew Delhi: _bKali for women, _c2000 |
||
| 300 |
_axxi, 312 p. ; 24 cm _bIndex included |
||
| 650 | _aWOMEN IN DEVELOPMENT | ||
| 650 | _a Women--Developing countries. | ||
| 650 | _aCapabilities approach (Social sciences) | ||
| 650 | _aEconomic Development | ||
| 650 | _aFeminism | ||
| 942 | _cBK | ||
| 999 |
_c332 _d332 |
||